| 000 | 00408nam a2200133Ia 4500 | ||
|---|---|---|---|
| 003 | GCL | ||
| 008 | 140319s9999 xx 000 0 ara d | ||
| 040 |
_aGCL / _cGCL |
||
| 082 | 0 | 4 |
_a342.02 _bح ق |
| 245 | 1 | 0 | _aالقرار الادارى فى قضاء مجلس الدولة |
| 260 |
_a[S.N] : _bمنشاة المعارف ، _c1987 |
||
| 300 | _a1149 ص | ||
| 490 |
_aسلسلة الكتب القانونية _v0 |
||
| 999 |
_c54937 _d54937 |
||